LEADER 00861nam a2200205 i 4500 001 000000155616 003 CaOOAMICUS 005 20061115000000.0 008 061115s1901 it u000 u ita u 013 $a132970 040 $aSeMil$bita 245 13$aLa S. Sindone che si venera a Torino /$cIllustrata e difesa dal P. Giammaria Sanna Solaro D. C. D. G. 260 $aTorino :$bVincenzo Bona,$c1901. 300 $aVII, 177 p., [4] c. di tav. :$bill. ;$c36 cm. 650 4$aSanta Sindone.$0(OLS)http://semarc/subject/6943 700 1 $aSanna Solaro, Giammaria.$0(OLS)http://semarc/name/60854 850 $aSeMil 852 $aSeMil$W1$xVenegono$y1$m5K XI 20$j107447$B107447$CSeMilBibl$Z2$F116882 $8I 996 $6245$aLa S. Sindone che si venera a Torino$9(OLS)http://semarc/title/227944 996 $6260$aTorino :$bVincenzo Bona$9(OLS)http://semarc/publisher/35754 LEADER 01240nam a2200277 i 4500 001 000000034056 003 CaOOAMICUS 005 20090807000000.0 008 090807s1968 it u000 u ita u 013 $a211 040 $aSeMil$bita 100 1 $aBaciocchi, Joseph : de,$c.$0(OLS)http://semarc/name/15527 240 12$aL'eucharistie.$0(OLS)http://semarc/title/45851 245 12$aL'eucaristia /$cJ. de Baciocchi ; [versione italiana dalla ed. francese di Camilla Castiglioni, sotto la direzione di Enzo Lodi]. 260 $aRoma [etc.] :$bDesclée & C.-Editori Pontifici,$c1968. 300 $aXVIII, 126 p. ;$c23 cm. 490 0 $aIl mistero cristiano 650 4$aEucaristia - Teologia sistematica.$0(OLS)http://semarc/subject/5569 650 4$aEucaristia.$0(OLS)http://semarc/subject/3487 700 1 $aCastiglioni, Camilla.$0(OLS)http://semarc/name/15428 830 3$aIl mistero cristiano.$0(OLS)http://semarc/title/28972 850 $aSeMil 852 $aSeMil$W1$xVenegono$y1$m2B I 482$j211$B211$CSeMilBibl$Z2$F211 $81 961 $aOmaggio: Donazione 996 $6245$aL'eucaristia$9(OLS)http://semarc/title/45850 996 $6260$aRoma [etc.] :$bDesclée & C.-Editori Pontifici$9(OLS)http://semarc/publisher/35412